| 000 | 00727cam a22002653a 4500 | ||
|---|---|---|---|
| 001 | 40921 | ||
| 003 | PGUSA | ||
| 005 | 20140828083921.0 | ||
| 008 | 121002s2012||||xxu|||||s|||||000 | eng d | ||
| 040 |
_aPGUSA _beng |
||
| 042 | _adc | ||
| 050 | 4 | _aQL | |
| 100 | 1 |
_aFleuron, Svend, _d1874-1966 |
|
| 245 | 1 | 0 |
_aGrim : _bThe Story of a Pike _h[electronic resource] / _cSvend Fleuron |
| 260 |
_bProject Gutenberg, _c2012 |
||
| 506 | _aPublic domain in the USA. | ||
| 516 | _aElectronic text | ||
| 653 | _aPike | ||
| 700 | 1 |
_aLathrop, Dorothy Pulis, _d1891-1980 |
|
| 700 | 1 | _aMuir, Jessie | |
| 700 | 1 | _aAlexander, J. | |
| 830 | 0 |
_aProject Gutenberg _v40921 |
|
| 856 | 4 | 0 | _uhttp://www.gutenberg.org/ebooks/40921 |
| 942 | _cEB | ||
| 999 |
_c270173 _d270173 |
||